000 00832nam a2200265 i 4500
001 bg
245 0 0 _aMicrosoft PowerPoint 2000, Outlook 2000 and FrontPage 2000 Language Reference /
_cMicrosoft Corporation.
260 _aRedmond :
_bMicrosoft Press,
_ccop.1999.
300 _aIII, 1068 s. ;
_c23 cm.
490 1 _aMicrosoft Office 2000 Visual Basic Language Reference ;
_vVol.4
504 _aIndeks.
650 9 _aPowerPoint 2000
650 9 _aOutlook 2000
650 9 _aFrontPage 2000
655 _aPodręczniki
710 0 _aMicrosoft Corporation
830 _aMicrosoft Office 2000 Visual Basic Language Reference ;
020 _a1572319550
040 _cBPK
041 0 _aen
080 _a004.42:004.92:004.738.52](07)
920 _a1-57231-955-0
942 _cKS
008 s pl f |000 0 pol
999 _c37114
_d37114
856 _uhttp://koha.tu.koszalin.pl/cgi-bin/koha/opac-detail.pl?biblionumber=37114
_yKatalog online BPK